Du cancer en général No. 373 thèse preséntée et soutenue à la Faculté de Médecine de Paris, le 28 août 1837, pour obtenir le grade de docteur en médecine par P. Rossignol, de Compagnac (Aveyron)

Detalles Bibliográficos
Autor principal: Rossignol, P.
Formato: Libro
Lenguaje:French
Publicado: Paris 1837
Materias:
Colección:Banco de datos
Acervo:Biblioteca Pública Central del Estado de Durango. Lic. José Ignacio Gallegos Caballero. Colección José Fernando Ramírez
Descripción Física:24 p. 4°
Tema general:Medicina
Notas:Portada con pleca. Encuadernación en cartón con lomo en piel. Sello en tinta de la Biblioteca Pública del Estado de Durango
LEADER 00848nam a22001690004500
035 |a 2527 
041 0 |a fre 
100 1 |a Rossignol, P. 
245 1 0 |a Du cancer en général No. 373 thèse preséntée et soutenue à la Faculté de Médecine de Paris, le 28 août 1837, pour obtenir le grade de docteur en médecine par P. Rossignol, de Compagnac (Aveyron) 
260 |a Paris  |b imprimerie et fonderie de Rignoux et ce, imprimeurs de la Faculté de Médecine  |c 1837 
300 |a 24 p.  |c 4° 
500 |a Portada con pleca. Encuadernación en cartón con lomo en piel. Sello en tinta de la Biblioteca Pública del Estado de Durango 
650 1 0 |a Medicina 
949 |a CR. 3671-N 
942 |c DURANRAM 
943 |g Biblioteca Pública Central del Estado de Durango. Lic. José Ignacio Gallegos Caballero. Colección José Fernando Ramírez 
999 |c 1079457  |d 1079457